Gasto social en América Latina aumentó 50 porciento durante los noventa

Salvato in:
Dettagli Bibliografici
Natura: testo
Soggetti:
Tags: Aggiungi Tag
Nessun Tag, puoi essere il primo ad aggiungerne!!

MARC

LEADER 00000 a a2200000 04500
001 10237
003
040
245 |a Gasto social en América Latina aumentó 50 porciento durante los noventa  
650 |a GASTOS SOCIALES  
650 |a GASTOS PUBLICOS  
650 |a CRECIMIENTO ECONOMICO  
650 |a GASTOS SOCIALES  
773 |g número 18 Especial; páginas 7-8  
999 |c 27706  |d 27706